Σεξ : ο μύθος, τα προβλήματα και η προσέγγιση του σήμερα

Αποθηκεύτηκε σε:
Λεπτομέρειες βιβλιογραφικής εγγραφής
Κύριος συγγραφέας: Ασκητής, Θάνος
Μορφή: Βιβλίο
Γλώσσα:Greek
Δημοσίευση: Αθήνα : Τυποθήτω-Γιώργος Δαρδάνος, 1997
Θέματα:
Ετικέτες: Προσθήκη ετικέτας
Δεν υπάρχουν, Καταχωρήστε ετικέτα πρώτοι!

MARC

LEADER 00000nam a2200000 i 4500
001 1/12842
008 981126s1997 gre d
020 |a 960-7643-16-x 
035 |1 ΠΑΡ  |a 1997  |b 06/12  |c ΒΟΥΛΓΑΡΑΚΗΣ  |l 10018792 
040 |a GR-MY-UA  |b gre  |e aacr 
041 0 |a gre 
082 0 |a 306.7 
100 1 |a Ασκητής, Θάνος. 
245 1 0 |a Σεξ :  |b ο μύθος, τα προβλήματα και η προσέγγιση του σήμερα /  |c Θάνος Ασκητής 
260 |a Αθήνα :   |b Τυποθήτω-Γιώργος Δαρδάνος,   |c 1997 
300 |a 294 σ. 
650 0 0 |a Sex (Psychology) 
650 0 0 |a Sex instruction. 
650 0 0 |a Sex. 
852 |a INST  |b LESVOS  |e 19981126  |h 306.7 ΑΣΚ  |p 005100022694  |q 005100022694  |t BK  |y 0 
901 |a BIBL1-1999-3 
909 |a Λ  |b 061199 
922 |a 1ΕΛΗ  |b 199811  |c ΚΠΣ/ΒΟΥΛΓΑΡΑΚΗΣ  |d EMVASIS 
950 |a 078-1997-06-30 
970 |z 2000/06/ΟΙΚΟΝΟΜΟΠΟΥΛΟΥ ΧΡΙΣΤΙΝΑ 
970 |a ΤΖΑΦΕΡΗ  |b ΕΥΑΓΓΕΛΙΑ  |z 1999/11/25